书目信息 |
| 题名: |
机动车污染控制100问
|
|
| 作者: | 袁盈 编 | |
| 分册: | ||
| 出版信息: | 北京 化学工业出版社 2000.05 |
|
| 页数: | 115页 | |
| 开本: | 32开 | |
| 丛书名: | ||
| 单 册: | ||
| 中图分类: | X701 | |
| 科图分类: | 10 | |
| 主题词: | 废物 , 废物处理 , 废物综合利用 | |
| 电子资源: | ||
| ISBN: | 7-5025-2862-8 | |
| 000 | 00621nam0 2200229 45 | |
| 001 | 0010060919 | |
| 005 | 20001211101613.2 | |
| 010 | @a7-5025-2862-8@d8.00元 | |
| 100 | @a20001006d2000 km y0chiy0120 ea | |
| 101 | 0 | @achi |
| 105 | @a z 000yy | |
| 200 | 1 | @a机动车污染控制100问@AJi Dong Che Wu Ran Kong Zhi 100 Wen@f袁盈等编@FYuan Ying Deng Bian |
| 210 | @a北京@c化学工业出版社@d2000.05 | |
| 215 | @a115页@d32开 | |
| 606 | 0 | @a废物 |
| 606 | 0 | @a废物处理 |
| 606 | 0 | @a废物综合利用 |
| 690 | @aX701@v3 | |
| 692 | @a10 | |
| 701 | 0 | @a袁盈@4编 |
| 801 | @aCN@bPftUser@c20001006 | |
| 905 | @dX701@eY.543@b304999-003@f5 | |
| 机动车污染控制100问/袁盈等编.-北京:化学工业出版社,2000.05 |
| 115页;32开 |
| ISBN 7-5025-2862-8:8.00元 |
| ● |
| 相关链接 |
|
|
|
正题名:机动车污染控制100问
索取号:X701/Y.543
 
预约/预借
| 序号 | 登录号 | 条形码 | 馆藏地/架位号 | 状态 | 备注 |
| 1 | 304999 | 203049995 | 期刊室512/501自科库 103排2列3层/ [索取号:X701/Y.543] | 在馆 | |
| 2 | 305000 | 203050009 | 期刊室512/501自科库 103排2列3层/ [索取号:X701/Y.543] | 在馆 | |
| 3 | 305001 | 203050018 | 期刊室512/501自科库 103排2列3层/ [索取号:X701/Y.543] | 在馆 | |
| 4 | 305002 | 203050027 | 期刊室512/501自科库 103排2列3层/ [索取号:X701/Y.543] | 在馆 | |
| 5 | 305003 | 203050036 | 期刊室512/501自科库 103排2列3层/ [索取号:X701/Y.543] | 在馆 |